טוען...

A professional's guide to systems analysis /

מידע ביבליוגרפי
מחבר ראשי: Modell, Martin E.
פורמט: Printed Book
יצא לאור: New York : McGraw-Hill, c1988.
נושאים:
LEADER 00594pam a2200181 a 4500
999 |c 243299  |d 243299 
020 |a 0070426325 : 
082 0 0 |a 004.2  |b MOD 
100 1 |a Modell, Martin E. 
245 1 2 |a A professional's guide to systems analysis /  |c Martin E. Modell. 
260 |a New York :  |b McGraw-Hill,  |c c1988. 
300 |a xiv, 317 p. :  |b ill. ; 
500 |a Includes index. 
650 0 |a System analysis. 
650 0 |a System design. 
650 0 |a Computer software 
942 |c BK 
952 |0 0  |1 0  |4 0  |6 004_200000000000000_MOD  |7 0  |9 258429  |a DFS  |b DFS  |d 2019-12-31  |l 0  |o 004.2 MOD  |p DFS34  |r 2019-12-31  |w 2019-12-31  |y BK